LEADER 00849nam0-2200325---450- 001 990009319590403321 005 20110218124742.0 010 $a88-420-6617-6 035 $a000931959 035 $aFED01000931959 035 $a(Aleph)000931959FED01 035 $a000931959 100 $a20110214d2002----km-y0itay50------ba 101 0 $aita 102 $aIT 105 $ay-------001yy 200 1 $aBioterrorismo$fAdriana Bazzi 210 $aRoma ; Bari$cLaterza$d2002 215 $aV, 169 p.$d21 cm 225 1 $a<>Robinson 610 0 $aTerrorismo$aAggressivi chimici 676 $a322.42$v21$zita 700 1$aBazzi,$bAdriana$0242196 801 0$aIT$bUNINA$gREICAT$2UNIMARC 901 $aBK 912 $a990009319590403321 952 $aVII C 440$b44407$fFSPBC 959 $aFSPBC 996 $aBioterrorismo$9765459 997 $aUNINA LEADER 00883nam0-2200241 --450 001 9910285951303321 005 20181012130828.0 100 $a20181012d1974----km y0itay50 ba 101 0 $aeng 102 $aUS 105 $aa 001yy 200 1 $aField testing and instrumentation of rock$ea symposium presented at the seventy-sixth annual meeting American Society for testing and materials, Philadelphia, Pa., 24-29 June 1973 210 $aPhiladelphia$cASTM$d[1974] 215 $a182 p.$cill.$d23 cm 225 1 $aSpecial technical publications$fAmerican society for testing and materials$v554 710 02$aAmerican Society for Testing and Materials$020347 801 0$aIT$bUNINA$gREICAT$2UNIMARC 901 $aBK 912 $a9910285951303321 952 $aN5/7$b4738$fDINTR 959 $aDINTR 996 $aField testing and instrumentation of rock$91533280 997 $aUNINA LEADER 01462oam 2200433zu 450 001 9910141040803321 005 20241212220023.0 010 $a9780769542706 010 $a0769542700 035 $a(CKB)2670000000070586 035 $a(SSID)ssj0000527466 035 $a(PQKBManifestationID)12140112 035 $a(PQKBTitleCode)TC0000527466 035 $a(PQKBWorkID)10525942 035 $a(PQKB)10186466 035 $a(NjHacI)992670000000070586 035 $a(EXLCZ)992670000000070586 100 $a20160829d2010 uy 101 0 $aeng 135 $aur||||||||||| 181 $ctxt 182 $cc 183 $acr 200 10$a2010 International Conference on Computational and Information Sciences 210 31$a[Place of publication not identified]$cIEEE$d2010 215 $a1 online resource (xxxii, 1365 pages) $cillustrations 300 $aBibliographic Level Mode of Issuance: Monograph 311 08$a9781424488148 311 08$a1424488141 327 $aI: Advances in Computational Sicence and Engineering -- II: Advances in Information Sciences -- III: Advances in Other Areas of Sciences and Engineering. 606 $aHigh performance computing$vCongresses 615 0$aHigh performance computing 676 $a668.3 702 $aieee 801 0$bPQKB 906 $aPROCEEDING 912 $a9910141040803321 996 $a2010 International Conference on Computational and Information Sciences$92310752 997 $aUNINA